000
00249nam a2200097Ia 4500
001
1124937
005
20250827004749.0
008
250824s9999 xx 000 0 und d
245
0
_a
DOSTLUK ENGEL TANIMAZ
_c
AYŞEN OY
260
_b
MARTI ÇOCUK YAYINLARI
999
_c
1124937
_d
1124937